| 000 | 00687nam a2200205 u 4500 | ||
|---|---|---|---|
| 005 | 20240912063857.0 | ||
| 008 | 170322s2011 ag r 000 0 spa d | ||
| 020 | _a9789871603114 | ||
| 035 | _aUPN01000216987 | ||
| 049 | _aI | ||
| 050 | 4 |
_aPZ74.9 _bR4.3 |
|
| 100 | 1 |
_aRepún, Graciela Beatriz, _d1951- _932429 |
|
| 245 | 1 | 0 |
_aAgustín en el bosque de los aullidos y otros cuentos / _cGraciela Repún, Enrique Melantoni ; il. Lancman Ink. |
| 260 |
_aBuenos Aires : _bRiderChail, _c2011. |
||
| 300 |
_a30 p. : _bil. col. |
||
| 440 | 0 |
_aEnigmáticos. _pA partir de 8 años |
|
| 650 | 4 |
_aCuentos infantiles argentinos _97466 |
|
| 700 | 1 |
_aMelantoni, Enrique, _ecoaut. |
|
| 905 | _aInfantil | ||
| 999 |
_c189087 _d189087 |
||